Coupes du Monde de Football: Serbie - Statistiques

Statistiques générales
  • Ce quiz a été pris 78 fois
  • Le résultat moyen est 6 sur 7
Statistiques - réponses
Réponse % Correct
Brésil
99%
Suisse
93%
Cameroun
90%
Allemagne
79%
Costa Rica
78%
Ghana
59%
Australie
53%
Aucun quiz correspondant
Distribution des résultats
% des personnes avec chaque résultat
Percentile par nombre de réponses
Votre historique - résultats
Vous n’avez pas pris ce quiz